Litterate and illiterate : hearing and seeing : England 1066-1307

Bibliographic Details
Published in:Literacy and social development in the West, ed. by Harvey J. Graff, Cambridge, 1981, P. 14-45 (Cambridge studies in oral and literate culture)
Main Author: Clanchy, Michael T.
Content type: Article
Published: 1981
Source:MPIPL_cat

MARC

LEADER 00000naa a2200000 u 4500
001 PL0051208
003 PLI01000000000000000050958
005 00000000000000.0
008 ||| u
100 1 |a Clanchy, Michael T. 
245 0 0 |a Litterate and illiterate  |b hearing and seeing : England 1066-1307  |c Michael T. Clanchy 
260 |c 1981 
773 0 8 |t Literacy and social development in the West  |a ed. by Harvey J. Graff  |d Cambridge, 1981  |g P. 14-45  |k Cambridge studies in oral and literate culture  |w MPIPL_cat.PL0051207  |z 0-521-23954-0  |i In: 
952 |j 1981  |h P. 14-45 
996 |a Aufsatz 
997 |a book chapter